ბათუმის შოთა რუსთაველის სახელმწიფო უნივერსიტეტის ბიბლიოთეკა

ადრეული ქრისტიანობის ისტორია (ბიბ.ჩანაწერი № 55193)

000 -LEADER
fixed length control field 01076nam a2200253Ia 4500
001 - CONTROL NUMBER
control field 22268
003 - CONTROL NUMBER IDENTIFIER
control field GE_BSU
008 - FIXED-LENGTH DATA ELEMENTS--GENERAL INFORMATION
fixed length control field 181216s||||||||xx |||||||||||||| ||und||
020 ## - INTERNATIONAL STANDARD BOOK NUMBER
International Standard Book Number 978-9941-13-093-9
040 ## - CATALOGING SOURCE
Transcribing agency GE_BSU
080 ## - UNIVERSAL DECIMAL CLASSIFICATION NUMBER
Universal Decimal Classification number 27-9(075.8)
100 ## - MAIN ENTRY--PERSONAL NAME
Personal name მშვილდაძე, მარიკა
245 ## - TITLE STATEMENT
Title ადრეული ქრისტიანობის ისტორია
245 ## - TITLE STATEMENT
Statement of responsibility, etc. რედ. გურამ ლორთქიფანიძე
250 ## - EDITION STATEMENT
Edition statement თსუ
260 ## - PUBLICATION, DISTRIBUTION, ETC.
Place of publication, distribution, etc. თბილისი
260 ## - PUBLICATION, DISTRIBUTION, ETC.
Name of publisher, distributor, etc. თბილ. უნ-ტის გამ-ბა
260 ## - PUBLICATION, DISTRIBUTION, ETC.
Date of publication, distribution, etc. 2009
300 ## - PHYSICAL DESCRIPTION
Extent 153გვ. : ილ. ; 20სმ..
300 ## - PHYSICAL DESCRIPTION
Accompanying material რომის იმპერატორთა ნუსხა: გვ. 123-127. - პირთა სახ. საძ.: გვ. 131-138. - ილუსტრაციები: გვ. 139-150. - ბიბლიოგრ.: გვ. 128-130.
653 ## - INDEX TERM--UNCONTROLLED
Uncontrolled term ადრეული ქრისტიანობის ისტორია
942 ## - ADDED ENTRY ELEMENTS (KOHA)
Koha item type წიგნი
ეგზემპლარები
Withdrawn status Lost status Damaged status Not for loan Date acquired Barcode Date last seen Price effective from Koha item type
        2018-12-17 57228 2018-12-17 2018-12-17 წიგნი
        2018-12-17 57229 2018-12-17 2018-12-17 წიგნი